| 000 | 00491ntaaa2200205 4500 | ||
|---|---|---|---|
| 003 | 01 | ||
| 005 | 20251027202928.0 | ||
| 008 | 0714s1973 ag 01 | ||
| 040 |
_aAR-BaBN _bspa _cAR-BaBN _eaacr _dRIC |
||
| 082 | _a922.5000 C | ||
| 100 |
_aCelada, Claudio _929843 |
||
| 245 | _aUn apostol contemporáneo | ||
| 250 | _a1 ed. | ||
| 260 |
_aBuenos Aires : _bAurora, _cs.f. |
||
| 300 | _a326 p | ||
| 650 |
_abiografía _91311 |
||
| 650 | _amisiones | ||
| 650 |
_aPenzotti _929844 |
||
| 942 | _cBK | ||
| 999 |
_c24530 _d24530 |
||